Geography Quiz

Random Geography or State Quiz

6-Letter States Quiz Stats

 Plays Quiz Updated Jul 2, 2015

Challenge
Share
Tweet
Embed
Score 0/5 Timer 01:00
10 Plays Today
% Correct
Oregon
81.2%
Kansas
75.7%
Alaska
73.5%
Hawaii
72.9%
Nevada
69.5%

You're not logged in!

Compare scores with friends on all Sporcle quizzes.
Join for Free
OR
Log In

You Might Also Like...

Show Comments

Extras

Top Quizzes Today


Score Distribution

Your Account Isn't Verified!

In order to create a playlist on Sporcle, you need to verify the email address you used during registration. Go to your Sporcle Settings to finish the process.

Report this User

Report this user for behavior that violates our Community Guidelines.

Details: